[Event "BL 2223 (Women)"]
[Site "Germany"]
[Date "2023.04.29"]
[Round "9.3"]
[White "Koepke, Elena"]
[Black "Narva, Mai"]
[Result "0-1"]
[WhiteElo "2249"]
[BlackElo "2384"]
[PlyCount "66"]
[EventDate "2022.10.15"]
[EventType "team-tourn"]
[EventRounds "11"]
[EventCountry "GER"]
[SourceTitle "EXT 2024"]
[Source "ChessBase"]
[SourceDate "2023.10.10"]
[SourceVersion "1"]
[SourceVersionDate "2023.10.10"]
[SourceQuality "1"]
[WhiteTeam "Deizisau (W)"]
[BlackTeam "Baden-Baden (W)"]
[WhiteTeamCountry "GER"]
[BlackTeamCountry "GER"]

1. e4 c5 2. c3 d5 3. exd5 Qxd5 4. Nf3 Nf6 5. Na3 Nc6 6. Bc4 Qd8 7. 0-0 e6 8. Qe2 a6 9. Bb3 Qc7 10. Rd1 b5 11. c4 b4 12. Nc2 Be7 13. d4 cxd4 14. Ncxd4 0-0 15. Nxc6 Qxc6 16. Ne5 Qc7 17. Bf4 Qb6 18. Bc2 Bb7 19. Bg5 Rad8 20. h4 Ba8 21. Rxd8 Rxd8 22. Bxf6 Bxf6 23. Bxh7+ Kf8 24. Rc1 Qd4 25. Nf3 Qxb2 26. Rc2 Qb1+ 27. Kh2 Qd1 28. Be4 Qxe2 29. Rxe2 a5 30. Bxa8 Rxa8 31. Ne5 Bxh4 32. c5 Rc8 33. Rc2 Ke7 0-1

[Event "AUT-chT2W 2223"]
[Site "Austria"]
[Date "2023.01.22"]
[Round "8.6"]
[White "Lerch, Johannes"]
[Black "Koepke, Elena"]
[Result "1-0"]
[WhiteElo "2192"]
[BlackElo "2249"]
[PlyCount "85"]
[EventDate "2022.09.23"]
[EventType "team-tourn"]
[EventRounds "11"]
[EventCountry "AUT"]
[SourceTitle "CBM 213 Extra"]
[Source "ChessBase"]
[SourceDate "2023.05.31"]
[SourceVersion "1"]
[SourceVersionDate "2023.05.31"]
[SourceQuality "1"]
[WhiteTeam "Jenbach II"]
[BlackTeam "Kufstein/Woergl"]
[WhiteTeamCountry "AUT"]
[BlackTeamCountry "AUT"]

1. Nf3 Nf6 2. e3 e6 3. c4 b6 4. d4 Bb7 5. b3 Ne4 6. Nbd2 f5 7. Qc2 c5 8. Bb2 cxd4 9. exd4 Qc7 10. Be2 Bd6 11. a3 0-0 12. Nf1 Rf6 13. Ng3 Rh6 14. Rg1 Bf4 15. Bd3 Nf6 16. d5 Na6 17. b4 Re8 18. Kf1 Ng4 19. Qc3 d6 20. Re1 Ne5 21. Nd4 Bxg3 22. hxg3 Bxd5 23. Nxf5 exf5 24. cxd5 Qxc3 25. Bxc3 Nc7 26. Bb1 Kf8 27. f4 Ng4 28. Rxe8+ Kxe8 29. Bxg7 Rg6 30. Bd4 Nxd5 31. Ke2 Re6+ 32. Kd2 Nde3 33. Bd3 Kd7 34. Re1 Nxg2 35. Rxe6 Kxe6 36. Bf1 Kd5 37. Bg1 Nxf4 38. gxf4 Ke4 39. a4 h5 40. a5 h4 41. a6 Kxf4 42. Bxb6 Nh2 43. Be2 1-0

[Event "BL2-Ost 2223"]
[Site "Germany"]
[Date "2022.11.27"]
[Round "4.7"]
[White "Koepke, Elena"]
[Black "Webersberger, Johann"]
[Result "1/2-1/2"]
[WhiteElo "2249"]
[BlackElo "2350"]
[PlyCount "173"]
[EventDate "2022.10.22"]
[EventType "team-tourn"]
[EventRounds "10"]
[EventCountry "GER"]
[SourceTitle "EXT 2024"]
[Source "ChessBase"]
[SourceDate "2023.10.10"]
[SourceVersion "1"]
[SourceVersionDate "2023.10.10"]
[SourceQuality "1"]
[WhiteTeam "Garching"]
[BlackTeam "Bayern Muenchen II"]
[WhiteTeamCountry "GER"]
[BlackTeamCountry "GER"]

1. e4 c6 2. Nf3 d5 3. d3 Bg4 4. h3 Bh5 5. g4 Bg6 6. exd5 cxd5 7. h4 f6 8. h5 Bf7 9. d4 Nc6 10. c3 e6 11. Bd3 Bd6 12. Be3 h6 13. Nbd2 Nge7 14. Nf1 Qc7 15. Qc2 0-0-0 16. 0-0-0 Kb8 17. Kb1 Rc8 18. Rc1 Ka8 19. Qa4 e5 20. dxe5 fxe5 21. Be2 Be8 22. Qd1 Qa5 23. N1d2 Bf7 24. Nb3 Qd8 25. Nh4 Na5 26. Nxa5 Qxa5 27. Qb3 Be8 28. Qd1 Rf8 29. c4 d4 30. Bd2 Qb6 31. f3 Bf7 32. Bd3 Bg8 33. Qb3 Qc7 34. Be4 Bc5 35. Qc2 Nc6 36. Nf5 Nd8 37. Rhe1 Rf6 38. Qd3 Ra6 39. Rc2 Nc6 40. Rec1 Rb6 41. Ka1 Bb4 42. Bxc6 bxc6 43. a3 Bxd2 44. Rxd2 Rcb8 45. b4 a5 46. Ra2 Bh7 47. Qe4 Bxf5 48. gxf5 Ka7 49. Re1 axb4 50. axb4+ Ra6 51. Rxa6+ Kxa6 52. Qb1 Qd6 53. c5 Qd5 54. Qd3+ Kb7 55. Kb2 Kc7 56. Qb3 Rd8 57. Qxd5 Rxd5 58. Kc2 Kb7 59. Kd3 Ka6 60. Rg1 Rd7 61. Kc4 d3 62. Ra1+ Kb7 63. Rd1 Rd4+ 64. Kc3 Rf4 65. Rxd3 Rxf5 66. Rd7+ Kc8 67. Rxg7 Rxf3+ 68. Kc4 Rh3 69. Rg6 Rh4+ 70. Kb3 Kb7 71. Rxh6 Rh3+ 72. Ka4 Rh1 73. Rh7+ Ka6 74. Rc7 Ra1+ 75. Kb3 Rb1+ 76. Kc3 Rc1+ 77. Kd2 Rh1 78. Rxc6+ Kb5 79. Rb6+ Kc4 80. h6 e4 81. Rb8 Rxh6 82. Ke3 Kd5 83. Rd8+ Ke5 84. Re8+ Kd5 85. Rd8+ Ke5 86. Re8+ Kd5 87. Rd8+ 1/2-1/2

[Event "BL 2122 (Women)"]
[Site "Germany"]
[Date "2022.05.27"]
[Round "4.5"]
[White "Moeller, Lisa Marie"]
[Black "Koepke, Elena"]
[Result "0-1"]
[WhiteElo "1927"]
[BlackElo "2285"]
[PlyCount "78"]
[EventDate "2021.11.27"]
[EventType "team-tourn"]
[EventRounds "11"]
[EventCountry "GER"]
[SourceTitle "EXT 2023"]
[Source "ChessBase"]
[SourceDate "2022.10.05"]
[SourceVersion "1"]
[SourceVersionDate "2022.10.05"]
[SourceQuality "1"]
[WhiteTeam "Hemer (W)"]
[BlackTeam "Deizisau (W)"]
[WhiteTeamCountry "GER"]
[BlackTeamCountry "GER"]

1. e4 d6 2. d4 g6 3. Nc3 Bg7 4. Be3 a6 5. Nf3 b5 6. a3 Bb7 7. Bd3 Nd7 8. Qd2 c5 9. 0-0 Qc7 10. Rfe1 h6 11. Rad1 cxd4 12. Bxd4 Ngf6 13. e5 dxe5 14. Nxe5 Nxe5 15. Bxe5 Qc6 16. f3 0-0 17. Bxf6 Qxf6 18. Be4 Qb6+ 19. Qe3 Qxe3+ 20. Rxe3 Bxe4 21. fxe4 Rfc8 22. e5 e6 23. Re2 Rc5 24. Rde1 Rac8 25. Kf2 h5 26. Re4 Rc4 27. Rxc4 Rxc4 28. Re4 Rc5 29. a4 Bxe5 30. axb5 Bxc3 31. bxc3 axb5 32. Re3 Kg7 33. Ke2 Kf6 34. Kd3 Rd5+ 35. Ke2 Re5 36. Kd2 Rxe3 37. Kxe3 Ke5 38. Kd3 Kd5 39. g3 e5 0-1

[Event "Oberliga Bayern 2122"]
[Site "Bayern"]
[Date "2022.05.08"]
[Round "8.3"]
[White "Hoefelsauer, Thomas"]
[Black "Koepke, Elena"]
[Result "1/2-1/2"]
[WhiteElo "2316"]
[BlackElo "2242"]
[PlyCount "33"]
[EventDate "2021.10.24"]
[EventType "team-tourn"]
[EventRounds "9"]
[EventCountry "GER"]
[SourceTitle "EXT 2024"]
[Source "ChessBase"]
[SourceDate "2023.10.10"]
[SourceVersion "1"]
[SourceVersionDate "2023.10.10"]
[SourceQuality "1"]
[WhiteTeam "Muenchen Suedost"]
[BlackTeam "Garching"]
[WhiteTeamCountry "GER"]
[BlackTeamCountry "GER"]

1. d4 Nf6 2. Nf3 e6 3. c4 b6 4. g3 Bb7 5. Bg2 Be7 6. 0-0 0-0 7. b3 c5 8. dxc5 bxc5 9. Bb2 d6 10. Nc3 a6 11. Qc2 Qc7 12. Rad1 Nc6 13. Qb1 h6 14. h3 Rad8 15. e3 Nb4 16. g4 Nh7 17. a3 1/2-1/2

[Event "German Masters (Women)"]
[Site "Darmstadt"]
[Date "2022.04.28"]
[Round "7"]
[White "Wagner, Dinara"]
[Black "Koepke, Elena"]
[Result "1-0"]
[WhiteElo "2321"]
[BlackElo "2272"]
[PlyCount "87"]
[EventDate "2022.04.22"]
[EventType "tourn"]
[EventRounds "9"]
[EventCountry "GER"]
[EventCategory "2"]
[SourceTitle "CBM 208 Extra"]
[Source "ChessBase"]
[SourceDate "2022.07.31"]
[SourceVersion "1"]
[SourceVersionDate "2022.07.31"]
[SourceQuality "1"]

1. d4 Nf6 2. c4 e6 3. g3 d5 4. Nf3 Bb4+ 5. Bd2 Be7 6. Bg2 c6 7. Qc2 b6 8. 0-0 Ba6 9. Ne5 Nfd7 10. cxd5 cxd5 11. Nd3 Bb7 12. b4 Nc6 13. e3 Rc8 14. Qb3 a6 15. a4 0-0 16. Rc1 Bd6 17. a5 Rb8 18. axb6 Qxb6 19. Nc3 Qd8 20. Na4 Qe7 21. Nac5 Nxc5 22. Nxc5 Bc8 23. Qa4 Rb6 24. Bf1 e5 25. Bc3 exd4 26. exd4 Qf6 27. b5 axb5 28. Bxb5 Ne7 29. Bd7 Qf3 30. Be1 Bxc5 31. dxc5 Rh6 32. Bxc8 Nxc8 33. Qd7 Qh5 34. h4 g5 35. Bd2 gxh4 36. Bxh6 hxg3 37. Be3 Qh2+ 38. Kf1 g2+ 39. Ke2 Qh5+ 40. f3 Kh8 41. Ra8 Qe5 42. Rxc8 Qb2+ 43. Bd2 Qe5+ 44. Kd3 1-0

[Event "BL2-Ost 1920"]
[Site "Germany"]
[Date "2021.08.07"]
[Round "9.6"]
[White "Koepke, Elena"]
[Black "Pfleger, Michael"]
[Result "1-0"]
[WhiteElo "2323"]
[BlackElo "2198"]
[PlyCount "109"]
[EventDate "2019.10.19"]
[EventType "team-tourn"]
[EventRounds "11"]
[EventCountry "GER"]
[SourceTitle "EXT 2023"]
[Source "ChessBase"]
[SourceDate "2022.10.05"]
[SourceVersion "1"]
[SourceVersionDate "2022.10.05"]
[SourceQuality "1"]
[WhiteTeam "Garching"]
[BlackTeam "Bad Mergentheim"]
[WhiteTeamCountry "GER"]
[BlackTeamCountry "GER"]

1. e4 g6 2. d4 Bg7 3. c3 d5 4. exd5 Qxd5 5. Nf3 c5 6. Na3 Nf6 7. Bc4 Qe4+ 8. Be3 0-0 9. dxc5 Bg4 10. h3 Bxf3 11. Qxf3 Qxf3 12. gxf3 Nc6 13. 0-0-0 e6 14. Bb3 a5 15. Ba4 Nd5 16. Nc4 Nce7 17. Nd6 Rab8 18. Bb3 Rfd8 19. Bg5 f6 20. Bd2 b6 21. c4 bxc5 22. Ne4 a4 23. Bxa4 f5 24. cxd5 fxe4 25. Bg5 Bxb2+ 26. Kc2 Bd4 27. Bb3 Nxd5 28. Bxd8 Rxd8 29. Bxd5 exd5 30. fxe4 dxe4 31. Rhe1 Ra8 32. Kb3 Rb8+ 33. Kc4 Rb2 34. Rxe4 Rxa2 35. f3 Kg7 36. Rb1 Ra7 37. Rb6 Rf7 38. f4 Kh6 39. Rbe6 Kh5 40. Re7 Rxe7 41. Rxe7 h6 42. Kd5 Kh4 43. Re6 Kh5 44. Ke4 Bg1 45. Rd6 Bf2 46. Kf3 Bd4 47. Kg3 g5 48. Rd5 Be3 49. f5 Bd4 50. Kf3 Bg1 51. Rd6 Bd4 52. Ke4 Bg1 53. Rd1 Bh2 54. Kd5 g4 55. hxg4+ 1-0

[Event "GER-ch (Women)"]
[Site "Magdeburg"]
[Date "2021.07.30"]
[Round "8"]
[White "Koepke, Elena"]
[Black "Birkholz, Olga"]
[Result "1-0"]
[WhiteElo "2277"]
[BlackElo "2018"]
[PlyCount "103"]
[EventDate "2021.07.25"]
[EventType "swiss"]
[EventRounds "9"]
[EventCountry "GER"]
[SourceTitle "CBM 203 Extra"]
[Source "ChessBase"]
[SourceDate "2021.09.30"]
[SourceVersion "1"]
[SourceVersionDate "2021.09.30"]
[SourceQuality "1"]

1. e4 g6 2. d4 Bg7 3. c3 b6 4. g3 Bb7 5. Bg2 Na6 6. Ne2 Nf6 7. Nd2 c5 8. d5 d6 9. 0-0 0-0 10. c4 Rb8 11. Nc3 Nb4 12. Ndb1 Bc8 13. h3 Na6 14. Nb5 Ra8 15. N1c3 Nc7 16. f4 Nxb5 17. cxb5 a6 18. e5 Ne8 19. Re1 Ra7 20. a4 e6 21. dxe6 Bxe6 22. bxa6 Rxa6 23. Qe2 Qc8 24. Kh2 dxe5 25. fxe5 Nc7 26. Bg5 Re8 27. Ne4 Bxe5 28. Bf6 Bxf6 29. Nxf6+ Kf8 30. Nxe8 Nxe8 31. Red1 c4 32. Rd4 Ra5 33. Rad1 Qc7 34. Qe3 h5 35. Rd8 Ke7 36. Qd4 Rxa4 37. Qh8 Qxd8 38. Rxd8 Kxd8 39. Bc6 Ra2 40. Bxe8 Ke7 41. Bb5 g5 42. Qe5 g4 43. Bxc4 Ra1 44. Bxe6 fxe6 45. Qc7+ Kf6 46. Qxb6 Rd1 47. Qf2+ Ke7 48. Qc2 Rd5 49. hxg4 hxg4 50. Kg2 Kd6 51. b4 Ke5 52. b5 1-0

[Event "GER-ch (Women)"]
[Site "Magdeburg"]
[Date "2021.07.29"]
[Round "7"]
[White "Koepke, Elena"]
[Black "Halas, Julia"]
[Result "1-0"]
[WhiteElo "2277"]
[BlackElo "1996"]
[PlyCount "83"]
[EventDate "2021.07.25"]
[EventType "swiss"]
[EventRounds "9"]
[EventCountry "GER"]
[SourceTitle "CBM 203 Extra"]
[Source "ChessBase"]
[SourceDate "2021.09.30"]
[SourceVersion "1"]
[SourceVersionDate "2021.09.30"]
[SourceQuality "1"]

1. e4 e6 2. d4 d5 3. Nd2 Nf6 4. e5 Nfd7 5. Bd3 c5 6. c3 Nc6 7. Ne2 cxd4 8. cxd4 f6 9. exf6 Nxf6 10. 0-0 Bd6 11. Nf3 Qc7 12. h3 0-0 13. Be3 Bd7 14. Re1 Be8 15. Ng5 Qe7 16. Nf4 Bxf4 17. Bxf4 Ne4 18. Bxe4 dxe4 19. Qg4 Nxd4 20. Rxe4 Rd8 21. Be5 h5 22. Qg3 Nf5 23. Qf4 Bc6 24. Ree1 Nd4 25. Qc1 Rd5 26. f4 Qb4 27. a3 Qb6 28. Kh2 Rf5 29. Qc3 Nb5 30. Qe3 Qxe3 31. Rxe3 Rd2 32. Rg1 Nd4 33. Bxd4 Rxd4 34. Nxe6 Rd2 35. Rg3 Kf7 36. Nxg7 Rxf4 37. Nxh5 Rh4 38. Rf1+ Ke7 39. Nf4 Rh6 40. Re3+ Kf7 41. Nd5+ Kg7 42. Rg3+ 1-0

[Event "BL 1920 (Women)"]
[Site "Germany"]
[Date "2020.02.02"]
[Round "6.3"]
[White "Koepke, Elena"]
[Black "Schulz, Petra"]
[Result "1-0"]
[WhiteElo "2323"]
[BlackElo "2070"]
[PlyCount "89"]
[EventDate "2019.09.14"]
[EventType "team-tourn"]
[EventRounds "11"]
[EventCountry "GER"]
[SourceTitle "EXT 2023"]
[Source "ChessBase"]
[SourceDate "2022.10.05"]
[SourceVersion "1"]
[SourceVersionDate "2022.10.05"]
[SourceQuality "1"]
[WhiteTeam "Deizisau (W)"]
[BlackTeam "Leipzig Weissblau (W)"]
[WhiteTeamCountry "GER"]
[BlackTeamCountry "GER"]

1. e4 e6 2. d4 d5 3. Nd2 c5 4. exd5 Qxd5 5. Ngf3 cxd4 6. Bc4 Qd6 7. 0-0 Nc6 8. Ne4 Qd8 9. Qe2 Be7 10. Rd1 Nf6 11. c3 Nxe4 12. Qxe4 Bf6 13. cxd4 0-0 14. Bf4 Nb4 15. Be5 Nd5 16. Bxd5 exd5 17. Qf4 Bxe5 18. dxe5 Be6 19. Rac1 Rc8 20. Rxc8 Qxc8 21. Rc1 Qd7 22. Nd4 Rc8 23. h3 h6 24. Rxc8+ Qxc8 25. Qd2 Qc5 26. a3 Bd7 27. f4 a5 28. Kh2 a4 29. Kg3 g6 30. Kh2 h5 31. Qc3 Qb6 32. Kg3 Kf8 33. Qb4+ Qxb4 34. axb4 b5 35. Kf3 Ke7 36. Ke3 Kd8 37. Nf3 Kc7 38. Kd4 Kc6 39. Ng5 Be6 40. Nh7 h4 41. Ng5 Bf5 42. Nf3 Be4 43. Nxh4 Kd7 44. g4 Kc6 45. Ke3 1-0

[Event "AUT-chT2W 1920"]
[Site "Austria"]
[Date "2019.10.06"]
[Round "3.4"]
[White "Koepke, Elena"]
[Black "Berchtold, Clemens"]
[Result "1/2-1/2"]
[WhiteElo "2323"]
[BlackElo "2050"]
[PlyCount "63"]
[EventDate "2019.10.04"]
[EventType "team-tourn"]
[EventRounds "11"]
[EventCountry "AUT"]
[SourceTitle "CBM 192 Extra"]
[Source "Chessbase"]
[SourceDate "2019.11.06"]
[SourceVersion "1"]
[SourceVersionDate "2019.11.06"]
[SourceQuality "1"]
[WhiteTeam "Kufstein/Woergl"]
[BlackTeam "Rochade Rum"]
[WhiteTeamCountry "AUT"]
[BlackTeamCountry "AUT"]

1. e4 d6 2. d4 Nf6 3. Nc3 e5 4. Nf3 Nbd7 5. Bc4 Be7 6. 0-0 0-0 7. Re1 c6 8. a4 a5 9. h3 exd4 10. Nxd4 Nc5 11. Bf4 Qb6 12. Nb3 Be6 13. Bxe6 Nxe6 14. Be3 Qc7 15. f4 Rfd8 16. Qf3 Nd7 17. Qf2 Re8 18. Rad1 Bf8 19. Rd2 Nec5 20. Nxc5 dxc5 21. Red1 Rad8 22. e5 f6 23. exf6 Nxf6 24. Rxd8 Rxd8 25. Rxd8 Qxd8 26. Bxc5 Bxc5 27. Qxc5 Qd2 28. Qc4+ Kf8 29. Qc5+ Kg8 30. Qc4+ Kf8 31. Qc5+ Kg8 32. Qc4+ 1/2-1/2

[Event "ITA-chTB 51st"]
[Site "Brixen Bressanone"]
[Date "2019.04.27"]
[Round "2.1"]
[White "Garcia Palermo, Carlos H"]
[Black "Koepke, Elena"]
[Result "1/2-1/2"]
[WhiteElo "2407"]
[BlackElo "2308"]
[PlyCount "94"]
[EventDate "2019.04.26"]
[EventType "team-swiss"]
[EventRounds "7"]
[EventCountry "ITA"]
[SourceTitle "CBM 190 Extra"]
[Source "ChessBase"]
[SourceDate "2019.07.15"]
[SourceVersion "1"]
[SourceVersionDate "2019.07.15"]
[SourceQuality "1"]
[WhiteTeam "Chieti"]
[BlackTeam "Perugia Euro Scacchi"]
[WhiteTeamCountry "ITA"]
[BlackTeamCountry "ITA"]

1. d4 d5 2. c4 dxc4 3. Nf3 Nf6 4. Qa4+ c6 5. Qxc4 Bf5 6. g3 e6 7. Bg2 Be7 8. 0-0 Nbd7 9. e3 0-0 10. Rd1 h6 11. Qe2 Qc7 12. Nc3 Rfe8 13. e4 Bg4 14. Bf4 Qa5 15. h3 Bxf3 16. Bxf3 e5 17. dxe5 Nxe5 18. Bg2 Bf8 19. Bd2 Qb6 20. Be3 Qb4 21. Rd4 Qa5 22. f4 Ned7 23. Rad1 Nb6 24. a3 Rac8 25. e5 Nfd5 26. Nxd5 Nxd5 27. Bxd5 cxd5 28. Rxd5 Qa4 29. Qb5 Qc2 30. Bxa7 b6 31. Qxb6 Bc5+ 32. Qxc5 Rxc5 33. Bxc5 Qxb2 34. Bb4 Kh7 35. R5d2 Qb3 36. Rd3 Qc2 37. R1d2 Qb1+ 38. Kh2 Rc8 39. Rc3 Rxc3 40. Bxc3 Qb3 41. Bb4 Qf3 42. Bc5 h5 43. Rf2 Qc3 44. Bd6 Qe3 45. Kg2 Qe4+ 46. Kh2 Qe3 47. Kg2 Qe4+ 1/2-1/2

[Event "BL2-Ost 1819"]
[Site "Germany"]
[Date "2018.12.16"]
[Round "4.5"]
[White "Zajogin, Alexander"]
[Black "Koepke, Elena"]
[Result "1/2-1/2"]
[WhiteElo "2413"]
[BlackElo "2288"]
[PlyCount "174"]
[EventDate "2018.11.10"]
[EventType "team-tourn"]
[EventRounds "10"]
[EventCountry "GER"]
[SourceTitle "CBM 190 Extra"]
[Source "ChessBase"]
[SourceDate "2019.07.15"]
[SourceVersion "1"]
[SourceVersionDate "2019.07.15"]
[SourceQuality "1"]
[WhiteTeam "Muenchen Bayern"]
[BlackTeam "Garching"]
[WhiteTeamCountry "GER"]
[BlackTeamCountry "GER"]

1. d4 Nf6 2. c4 e6 3. Nc3 Bb4 4. e3 0-0 5. Nge2 d5 6. a3 Be7 7. cxd5 exd5 8. Nf4 c6 9. Bd3 Nbd7 10. 0-0 Re8 11. h3 Nf8 12. b4 Bd6 13. Qf3 Ng6 14. Nxg6 hxg6 15. Ne2 Ne4 16. Nf4 Bf5 17. g4 Bd7 18. Qg2 Qh4 19. f3 Ng5 20. Qh2 Ne6 21. Kg2 g5 22. Ng6 Bxh2 23. Nxh4 Bd6 24. Nf5 Bf8 25. Bd2 g6 26. Ng3 Bd6 27. a4 Kg7 28. Ne2 f6 29. Rfc1 Rac8 30. Be1 Rf8 31. Ng3 Rce8 32. Bd2 Nc7 33. Rab1 a6 34. b5 axb5 35. axb5 Nxb5 36. Bxb5 cxb5 37. e4 Bxg3 38. Kxg3 dxe4 39. Rc7 Rf7 40. d5 exf3 41. Rb3 Re2 42. Be3 f2 43. Bxf2 Rd2 44. Rxb7 Rxd5 45. Be3 Re7 46. Bc1 Re2 47. Rc3 Kf7 48. Rf3 Kg7 49. Rc3 Rd1 50. Kf3 Re7 51. Kg3 Re5 52. Rf3 Re2 53. Rc3 Kf7 54. Be3 Ke6 55. Kf3 Ree1 56. Bf2 Re5 57. Rb6+ Kf7 58. Be3 Red5 59. Rc7 R1d3 60. Ke2 Rb3 61. Kf2 Rdd3 62. Bc1 Rbc3 63. Rxc3 Rxc3 64. Be3 Bc6 65. Ke2 Ke6 66. Kd2 Rc4 67. Rb8 Ra4 68. Kc3 Kd5 69. Rf8 Ra3+ 70. Kd2 Ke5 71. Rh8 Ke4 72. Bc5 Rd3+ 73. Kc2 Rd5 74. Be7 f5 75. gxf5 Rxf5 76. Rg8 Rf2+ 77. Kc3 Rf3+ 78. Kb4 Rxh3 79. Rxg6 Be8 80. Rxg5 Kd3 81. Rd5+ Ke4 82. Rd8 Rh8 83. Bc5 Rg8 84. Bb6 Ke5 85. Bd4+ Ke6 86. Bc5 Rg4+ 87. Rd4 Rxd4+ 1/2-1/2

[Event "BL2-Ost 1819"]
[Site "Germany"]
[Date "2018.12.15"]
[Round "3.5"]
[White "Koepke, Elena"]
[Black "Ciolek, Andreas"]
[Result "1-0"]
[WhiteElo "2288"]
[BlackElo "2297"]
[PlyCount "105"]
[EventDate "2018.11.10"]
[EventType "team-tourn"]
[EventRounds "10"]
[EventCountry "GER"]
[SourceTitle "CBM 190 Extra"]
[Source "ChessBase"]
[SourceDate "2019.07.15"]
[SourceVersion "1"]
[SourceVersionDate "2019.07.15"]
[SourceQuality "1"]
[WhiteTeam "Garching"]
[BlackTeam "Muenchen SC"]
[WhiteTeamCountry "GER"]
[BlackTeamCountry "GER"]

1. e4 c5 2. Nf3 d6 3. Bb5+ Bd7 4. Bxd7+ Nxd7 5. 0-0 Ngf6 6. d3 e6 7. b3 Be7 8. Bb2 0-0 9. Nc3 Qc7 10. Re1 a6 11. a4 b6 12. Nd2 Rfe8 13. f4 Qc6 14. Qf3 b5 15. axb5 axb5 16. e5 Qxf3 17. Nxf3 b4 18. Na4 Nd5 19. g3 N7b6 20. Nxb6 Nxb6 21. exd6 Bxd6 22. Nd2 Be7 23. Kf2 Nd5 24. Rxa8 Rxa8 25. Ra1 Rxa1 26. Bxa1 Bf6 27. Bxf6 Nxf6 28. Kf3 Kf8 29. Ne4 Nxe4 30. Kxe4 Ke7 31. d4 Kd6 32. dxc5+ Kxc5 33. Ke5 h6 34. h3 h5 35. Ke4 f6 36. Kd3 h4 37. gxh4 g6 38. Ke4 Kc6 39. Kd4 Kb5 40. c4+ bxc3 41. Kxc3 Kc5 42. b4+ Kd5 43. Kd3 f5 44. h5 gxh5 45. h4 e5 46. fxe5 Kxe5 47. Ke3 Kd5 48. Kf4 Kc4 49. Kxf5 Kxb4 50. Kg5 Kc5 51. Kxh5 Kd6 52. Kg6 Ke7 53. Kg7 1-0

[Event "BL2-Ost 1819"]
[Site "Germany"]
[Date "2018.11.10"]
[Round "1.6"]
[White "Koepke, Elena"]
[Black "Pfadenhauer, Johannes"]
[Result "1/2-1/2"]
[WhiteElo "2288"]
[BlackElo "2178"]
[PlyCount "69"]
[EventDate "2018.11.10"]
[EventType "team-tourn"]
[EventRounds "10"]
[EventCountry "GER"]
[SourceTitle "CBM 190 Extra"]
[Source "ChessBase"]
[SourceDate "2019.07.15"]
[SourceVersion "1"]
[SourceVersionDate "2019.07.15"]
[SourceQuality "1"]
[WhiteTeam "Garching"]
[BlackTeam "Bindlach"]
[WhiteTeamCountry "GER"]
[BlackTeamCountry "GER"]

1. e4 d5 2. exd5 Qxd5 3. Nc3 Qd8 4. d4 Nf6 5. Nf3 Bg4 6. Be2 e6 7. h3 Bxf3 8. Bxf3 c6 9. 0-0 Nbd7 10. Re1 Be7 11. Ne2 0-0 12. c3 Re8 13. Qb3 Qb6 14. Bf4 Nd5 15. Bd2 a5 16. Qxb6 N7xb6 17. b3 a4 18. Nf4 Nxf4 19. Bxf4 Bf6 20. bxa4 Nd5 21. Bxd5 cxd5 22. Reb1 Rec8 23. Rxb7 Rxc3 24. Rab1 Bxd4 25. a5 h5 26. Rb8+ Rxb8 27. Rxb8+ Kh7 28. Rb4 e5 29. Be3 Bxe3 30. fxe3 Ra3 31. Rb5 d4 32. exd4 exd4 33. Rxh5+ Kg6 34. Rd5 Rxa2 35. Rxd4 1/2-1/2

[Event "AUT-chT2W 1819"]
[Site "Austria"]
[Date "2018.10.13"]
[Round "2.2"]
[White "Koepke, Elena"]
[Black "Barseghyan, Harutyun"]
[Result "1/2-1/2"]
[WhiteElo "2271"]
[BlackElo "2466"]
[PlyCount "111"]
[EventDate "2018.10.12"]
[EventType "team-tourn"]
[EventRounds "11"]
[EventCountry "AUT"]
[SourceTitle "CBM 186 Extra"]
[Source "ChessBase"]
[SourceDate "2018.08.24"]
[SourceVersion "1"]
[SourceVersionDate "2018.08.24"]
[SourceQuality "1"]
[WhiteTeam "Kufstein/Woergl"]
[BlackTeam "Neumarkt"]
[WhiteTeamCountry "AUT"]
[BlackTeamCountry "AUT"]

1. e4 e5 2. Nf3 Nc6 3. Bb5 a6 4. Ba4 Nf6 5. 0-0 Be7 6. d3 b5 7. Bb3 d6 8. a4 b4 9. a5 0-0 10. h3 Be6 11. Nbd2 Rb8 12. Bc4 Qc8 13. Re1 Nd7 14. Nb3 Bxc4 15. dxc4 Nd8 16. Bd2 Ne6 17. Nh2 Qb7 18. Ng4 Rfe8 19. Qe2 Qc6 20. Rad1 Bg5 21. Bxg5 Nxg5 22. f3 Ne6 23. Ne3 Nf4 24. Qf1 Nc5 25. Nxc5 Qxc5 26. g3 Ne6 27. Rd5 Qa7 28. Kg2 Nd4 29. Qf2 b3 30. c3 Nc6 31. Qe2 Ne7 32. Rdd1 Qc5 33. Ra1 Rf8 34. Red1 f5 35. Nd5 Nxd5 36. Rxd5 Qc6 37. Rad1 fxe4 38. Qxe4 Rf6 39. c5 Rbf8 40. R1d3 Kh8 41. h4 h6 42. c4 Qa4 43. cxd6 cxd6 44. Rxd6 Rxd6 45. Rxd6 Qxa5 46. Rd5 Qa1 47. Qxe5 Qc1 48. Qe2 Rc8 49. c5 Qc2 50. Kf1 a5 51. Ke1 Rxc5 52. Rxc5 Qxc5 53. Qe8+ Kh7 54. Qe4+ Kh8 55. Qe8+ Kh7 56. Qe4+ 1/2-1/2

[Event "EU-chT (Women) 21st"]
[Site "Heraklion"]
[Date "2017.11.03"]
[Round "6.4"]
[White "Paulet, Iozefina"]
[Black "Koepke, Elena"]
[Result "1-0"]
[WhiteElo "2281"]
[BlackElo "2309"]
[PlyCount "81"]
[EventDate "2017.10.28"]
[EventType "team-swiss"]
[EventRounds "9"]
[EventCountry "GRE"]
[SourceTitle "CBM 181 Extra"]
[Source "ChessBase"]
[SourceDate "2017.12.12"]
[SourceVersion "1"]
[SourceVersionDate "2017.12.12"]
[SourceQuality "1"]
[WhiteTeam "Netherlands (W)"]
[BlackTeam "Germany (W)"]
[WhiteTeamCountry "NED"]
[BlackTeamCountry "GER"]

1. e4 e5 2. Nf3 Nc6 3. Bb5 a6 4. Ba4 Nf6 5. d3 b5 6. Bb3 Be7 7. 0-0 0-0 8. Re1 d6 9. c3 Nb8 10. Nbd2 c5 11. Nf1 Nc6 12. h3 h6 13. a4 b4 14. d4 bxc3 15. bxc3 Qc7 16. Ne3 cxd4 17. cxd4 Nxd4 18. Nxd4 exd4 19. Qxd4 Be6 20. Bxe6 fxe6 21. Ba3 Rfd8 22. Rab1 Bf8 23. Ng4 Nxg4 24. hxg4 Rab8 25. Rbd1 Qb6 26. Qa1 Qb3 27. a5 Qb5 28. Bc1 Qb1 29. Qc3 Qb4 30. Qh3 Re8 31. Bd2 Qb3 32. Qh5 Qb5 33. g5 Be7 34. e5 hxg5 35. Qg6 Qb3 36. exd6 Bxd6 37. Bxg5 Bf8 38. Rd7 Qc3 39. Qf7+ Kh8 40. Re3 Qa1+ 41. Kh2 1-0